000 00343nam a2200133Ia 4500
005 20260326235444.0
008 260326s9999||||xx |||||||||||||| ||und||
100 _aPaez Carrascosa, José
245 0 _aRonda y la Serranía /
_cJosé Paez Carrascosa
260 _bCopartGraf
300 _a128 p.
650 _aARQUITECTURA REGIONAL
942 _cBK
999 _c7538
_d7538